000 00592nam a2200241 a 4500
003 AR-BaBNM
005 20251128205843.0
008 082120s2002 ||||||||||||||000 | spa||
040 _cAR-BaBNM
100 1 _aPayró, Roberto J.
245 0 0 _aPago chico
260 _aBuenos Aires
_bAbril
_c1983
300 _a181 p.
490 0 _aClásicos de la literatura argentina
_vv. 1
650 4 _aLITERATURA ARGENTINA
650 4 _aSIGLO VEINTE
650 4 _aBIOGRAFIAS
653 _aGAUCHOS
653 _aLITERATURA GAUCHESCA
655 _aLITERATURA
942 _cBK
998 _cMARTIN
999 _c13036
_d13036